Capitals Hidden in a Letter #1 - Statistics

General Stats
  • This quiz has been taken 20,918 times
    3,724 since last reset
  • The average score is 18 of 24
Answer Stats
Capital City % Correct
Paris
91%
Saint George's
88%
Kabul
86%
Lomé
84%
Suva
83%
Riga
82%
Georgetown
75%
Maputo
74%
Sucre
74%
Paramaribo
73%
Prague
73%
Lima
72%
Minsk
71%
Monaco
71%
Wellington
71%
Accra
70%
Santiago
69%
Baku
68%
Harare
68%
Kinshasa
68%
Nassau
68%
N'Djamena
68%
Chișinău
67%
London
67%
No matching quizzes found
Score Distribution
Percent of People with Each Score
Percentile by Number Answered
Your Score History
You have not taken this quiz since the last reset